Špinavá hra /

Hlavní autor: D'Amato, Barbara, 1938-
Další autoři: Lednická, Karin, 1969-
Jazyk: Čeština
Vydáno: Ostrava : Středoevropské nakladatelství, 1996
Vydání: Vyd. 1.
Témata:
Externí odkaz: Digitalizovaný dokument
Fyzický popis: 205 s. ; 21 cm
Knihy
Uloženo v:
LEADER 01328nam a2200337 a 4500
001 000068941
003 CZ BrMZK
005 20230906063852.0
008 950313s1996 xr g f cze d
015 |a cnb000096785 
020 |a 80-86004-12-0  |q (váz.) 
035 |a (OCoLC)38151586 
040 |a BOA001  |b cze 
041 1 |a cze  |h eng 
072 7 |a 821.111(73)-3  |x Americká próza  |2 Konspekt  |9 25 
080 |a 821.111(73)-31  |2 MRF 
080 |a (0:82-312.4)  |2 MRF 
100 1 |a D'Amato, Barbara,  |d 1938-  |7 jn19981000546  |4 aut 
240 1 0 |a Hardball.  |l Česky 
245 1 0 |a Špinavá hra /  |c Barbara D'Amato ; [z angličtiny přeložila Karin Lednická] 
250 |a Vyd. 1. 
260 |a Ostrava :  |b Středoevropské nakladatelství,  |c 1996 
300 |a 205 s. ;  |c 21 cm 
655 7 |a americké romány  |7 fd131796  |2 czenas 
655 7 |a detektivní romány  |7 fd132010  |2 czenas 
700 1 |a Lednická, Karin,  |d 1969-  |7 ola2007364650  |4 trl 
856 4 1 |u http://www.digitalniknihovna.cz/mzk/uuid/uuid:947675f0-955f-11e3-8e84-005056827e51  |y Digitalizovaný dokument  |x NDK 
910 |a BOA001  |b D-1020.655 
990 |a BK 
996 6 |b 2610036609  |c D-1020.655  |l MZK  |r Sklad / do 24 hodin  |n 0  |p p.v.  |w 000068941  |u 000010  |a 1  |e BOA001  |j MZK50  |s P 
996 6 |b 2610038248  |c D-1020.655  |l MZK  |r Sklad / do 24 hodin  |n 0  |p p.v.  |w 000068941  |u 000020  |a 1  |e BOA001  |j MZK50  |s P